Państwa w swoich językach narodowych - Statystyki

Ogólne statystyki
  • Ten quiz został rozwiązany 3 075 razy
  • Średni wynik to 130 z 196
Statystyki odpowiedzi
Państwa w
języku Narodowym
Państwa % Poprawnych
Afryka Angola Angola
98%
Afryka Botswana Botswana
96%
Afryka Bénin Benin
95%
Afryka Burkina Faso Burkina Faso
94%
Afryka Burundi Burundi
94%
Afryka Cameroun Kamerun
93%
Afryka Ghana Ghana
90%
Afryka Gambia Gambia
89%
Afryka Kenya Kenia
88%
Afryka Madagasikara Madagaskar
88%
Afryka Liberia Liberia
87%
Afryka Mali Mali
87%
Afryka Niger Niger
87%
Afryka Nigeria Nigeria
87%
Afryka République démocratique du Congo Demokratyczna Republika Konga
86%
Afryka République du Congo Kongo
86%
Afryka Malawi Malawi
86%
Afryka Namibia Namibia
86%
Afryka Rwanda Rwanda
86%
Afryka Sénégal Senegal
86%
Afryka Lesotho Lesotho
85%
Afryka Moçambique Mozambik
85%
Afryka South Africa Republika PołudniowejAfryki
85%
Afryka Soomaaliya Somalia
85%
Afryka Tanzania Tanzania
85%
Afryka Togo Togo
85%
Afryka Uganda Uganda
85%
Afryka Zambia Zambia
85%
Afryka Zimbabwe Zimbabwe
85%
Afryka Tchad Czad
84%
Afryka eSwatini Eswatini
84%
Afryka South Sudan Sudan Południowy
84%
Afryka Guinée Gwinea
83%
Afryka Sierra Leone Sierra Leone
83%
Afryka Guiné-Bissau Gwinea-Bissau
82%
Afryka Guinea Ecuatorial Gwinea Równikowa
82%
Azja Indonesia Indonezja
82%
Azja Azərbaycan Azerbejdżan
81%
Azja Pilipinas Filipiny
81%
Azja Malaysia Malezja
81%
Azja Singapore Singapur
81%
Azja Türkiye Turcja
81%
Azja Turkmenistan Turkmenistan
81%
Ameryka Południowa Argentina Argentyna
80%
Ameryka Południowa Bolivia Boliwia
80%
Ameryka Południowa Brasil Brazylia
80%
Azja Brunei Brunei
80%
Ameryka Południowa Chile Chile
80%
Ameryka Południowa Ecuador Ekwador
80%
Ameryka Południowa Colombia Kolumbia
80%
Ameryka Południowa Paraguay Paragwaj
80%
Ameryka Południowa Perú Peru
80%
Ameryka Południowa Uruguay Urugwaj
80%
Ameryka Południowa Venezuela Wenezuela
80%
Azja Việt Nam Wietnam
80%
Europa Andorra Andora
79%
Europa België Belgia
79%
Europa Česko Czechy
79%
Europa Danmark Dania
79%
Europa Bosna i Hercegovina Bośnia i Hercegowina
79%
Europa France Francja
79%
Europa España Hiszpania
79%
Europa Deutschland Niemcy
79%
Europa Polska Polska
79%
Afryka République Centrafricaine Republika Środkowoafrykańska
79%
Afryka Ertra Erytrea
78%
Afryka République gabonaise Gabon
78%
Ameryka Południowa Guyana Gujana
78%
Europa Nederland Holandia
78%
Europa Ísland Islandia
78%
Europa Kosova Kosowo
78%
Europa Liechtenstein Liechtenstein
78%
Europa Lietuva Litwa
78%
Europa Latvija Łotwa
78%
Europa Malta Malta
78%
Europa Moldova Mołdawia
78%
Europa Monaca Monako
78%
Europa Portugal Portugalia
78%
Europa România Rumunia
78%
Europa San Marino San Marino
78%
Afryka Sesel Seszele
78%
Europa Slovenija Słowenia
78%
Europa Città del Vaticano Watykan
78%
Europa Italia Włochy
78%
Europa Norge Norwegia
77%
Europa Slovensko Słowacja
77%
Ameryka Południowa Suriname Surinam
77%
Azja Timor-Leste Timor Wschodni
77%
Europa United Kingdom Wielka Brytania
77%
Afryka Jabuuti Dżibuti
76%
Azja Қазақстан Kazachstan
76%
Europa Schweiz Szwajcaria
76%
Europa Österreich Austria
75%
Afryka Côte d'Ivoire Wybrzeże Kości Słoniowej
75%
Oceania Australia Australia
74%
Europa Eesti Estonia
74%
Europa Россия Rosja
74%
Afryka São Tomé e Príncipe Wyspy ŚwiętegoTomasza i Książęca
74%
Oceania Papua New Guinea Papua Nowa Gwinea
73%
Oceania Kiribati Kiribati
73%
Europa Lëtzebuerg Luksemburg
73%
Oceania Tonga Tonga
73%
Ameryka Północna Canada Kanada
72%
Ameryka Północna Cuba Kuba
72%
Oceania Sāmoa Samoa
72%
Oceania Tuvalu Tuvalu
72%
Oceania Solomon Islands Wyspy Salomona
72%
Ameryka Północna Bahamas Bahamy
71%
Ameryka Północna Barbados Barbados
71%
Europa Беларусь Białoruś
71%
Europa Hrvatska Chorwacja
71%
Ameryka Północna Dominica Dominika
71%
Ameryka Północna Honduras Honduras
71%
Ameryka Północna Jamaica Jamajka
71%
Ameryka Północna Costa Rica Kostaryka
71%
Ameryka Północna México Meksyk
71%
Ameryka Północna Panamá Panama
71%
Ameryka Północna United States Stany Zjednoczone
71%
Oceania Vanuatu Vanuatu
71%
Ameryka Północna Belize Belize
70%
Ameryka Północna República Dominicana Dominikana
70%
Oceania Federated States of Micronesia Mikronezja
70%
Ameryka Północna Grenada Grenada
70%
Ameryka Północna Guatemala Gwatemala
70%
Ameryka Północna El Salvador Salwador
70%
Europa Україна Ukraina
70%
Ameryka Północna Nicaragua Nikaragua
69%
Europa Magyarország Węgry
69%
Azja Кыргызстан Kirgistan
68%
Europa Северна Македонија Macedonia Północna
68%
Ameryka Północna Antigua and Barbuda Antigua i Barbuda
67%
Ameryka Północna Saint Lucia Saint Lucia
67%
Europa Sverige Szwecja
66%
Ameryka Północna Saint Kitts and Nevis Saint Kitts i Nevis
65%
Europa Ελλάς Grecja
65%
Ameryka Północna Saint Vincent and the Grenadines Saint Vincent i Grenadyny
65%
Azja Тоҷикистон Tadżykistan
65%
Ameryka Północna Trinidad and Tobago Trynidad i Tobago
65%
Europa България Bułgaria
64%
Afryka Cabo Verde Republika ZielonegoPrzylądka
64%
Azja Монгол Улс Mongolia
63%
Oceania Naoero Nauru
63%
Europa Србија Serbia
61%
Europa Suomi Finlandia
60%
Azja Ўзбекистон Uzbekistan
60%
Oceania Viti Fidżi
56%
Europa Црна Гора Czarnogóra
55%
Azja 日本 Japonia
55%
Azja 조선인민주의 공화국 Korea Północna
55%
Oceania Belau Palau
54%
Afryka مصر Egipt
53%
Europa Éire Irlandia
52%
Azja 中国 Chiny
51%
Ameryka Północna Ayiti Haiti
49%
Europa Shqipëria Albania
47%
Azja 대한민국 Korea Południowa
46%
Afryka المغرب Maroko
43%
Oceania Aotearoa Nowa Zelandia
43%
Afryka ليبيا Libia
41%
Afryka تونس Tunezja
41%
Oceania Aorōkin M̧ajeļ Wyspy Marshalla
41%
Azja المملكة العربية السعودية Arabia Saudyjska
38%
Afryka Moris Mauritius
37%
Azja 臺灣 Tajwan
37%
Azja الإمارات العربيّة المتّحدة Zjednoczone Emiraty Arabskie
36%
Azja العراق Irak
34%
Azja ישראל Izrael
34%
Afryka ኢትዮጵያ Etiopia
33%
Azja ایران Iran
33%
Afryka السودان Sudan
33%
Azja เมืองไทย Tajlandia
33%
Azja افغانستان Afganistan
31%
Afryka Dzayer Algieria
29%
Azja Κύπρος Cypr
29%
Afryka موريتانيا Mauretania
29%
Azja عُمان Oman
29%
Azja საქართველო Gruzja
28%
Azja اليمن Jemen
28%
Azja قطر Katar
28%
Azja বাংলাদেশ Bangladesz
27%
Azja البحرين Bahrajn
26%
Azja الأردن Jordania
26%
Azja دولة الكويت Kuwejt
26%
Azja سورية Syria
26%
Azja ປະເທດລາວ Laos
23%
Azja لبنان Liban
23%
Azja नेपाल Nepal
23%
Azja پاکستان Pakistan
23%
Azja မြန်မာ Mjanma
22%
Azja ශ්‍රී ලංකාව Sri Lanka
22%
Azja Հայաստան Armenia
21%
Azja ભારત Indie
21%
Azja កម្ពុជា Kambodża
21%
Afryka جزر القمر Komory
21%
Azja འབྲུག་ཡུལ Bhutan
20%
Azja ދިވެހިރާއްޖެ Malediwy
16%
Nie znaleziono quizów pasujących do podanych kryteriów
Rozkład punktacji
Procent ludzi z każdym wynikiem
Percentyl według liczby udzielonych odpowiedzi
Twoja historia wyników
Nie rozwiązałeś tego quizu